La posibilidad de comprenderse (Record no. 53966)

MARC details
000 -LEADER
campo de control de longitud fija 00837nam a2200265 i 4500
001 - NÚMERO DE CONTROL
campo de control 53966
003 - IDENTIFICADOR DE NÚMERO DE CONTROL
campo de control ES-MaACL
005 - FECHA Y HORA DE LA ÚLTIMA TRANSACCIÓN
campo de control 20230906162850.0
007 - CAMPO FIJO DE DESCRIPCIÓN FÍSICA--INFORMACIÓN GENERAL
campo de control de longitud fija t|
008 - DATOS DE LONGITUD FIJA--INFORMACIÓN GENERAL
campo de control de longitud fija 031119s2002 sp ||||0| spa d
020 ## - NÚMERO INTERNACIONAL ESTÁNDAR DEL LIBRO
Número Internacional Estándar del Libro 84-7738-958-6
040 ## - FUENTE DE CATALOGACIÓN
Centro catalogador/agencia de origen M-BN
Lengua de catalogación spa
Centro/agencia transcriptor M-BN
080 ## - NÚMERO DE LA CLASIFICACIÓN DECIMAL UNIVERSAL
Número de la Clasificación Decimal Universal 165.242.1
100 1# - ENTRADA PRINCIPAL--NOMBRE DE PERSONA
Nombre de persona Blumenberg, Hans.
9 (RLIN) 29590
245 13 - MENCIÓN DEL TÍTULO
Título La posibilidad de comprenderse
Resto del título : obra póstuma /
Mención de responsabilidad, etc. Hans Blumenberg ; prólogo a la edición española, Daniel Innerarity ; [traducción, César González].
260 ## - PUBLICACIÓN, DISTRIBUCIÓN, ETC.
Lugar de publicación, distribución, etc. Madrid :
Nombre del editor, distribuidor, etc. Síntesis,
Fecha de publicación, distribución, etc. [2002]
300 ## - DESCRIPCIÓN FÍSICA
Extensión 171 p ;
Dimensiones 24 cm.
490 1# - MENCIÓN DE SERIE
Mención de serie Perspectivas ;
Designación de volumen o secuencia 2
650 14 - PUNTO DE ACCESO ADICIONAL DE MATERIA--TÉRMINO DE MATERIA
Término de materia o nombre geográfico como elemento de entrada Autoconocimiento.
9 (RLIN) 10426
700 1# - ENTRADA AGREGADA--NOMBRE PERSONAL
Nombre de persona González, César.
9 (RLIN) 58301
830 0# - PUNTO DE ACCESO ADICIONAL DE SERIE-TÍTULO UNIFORME
Título uniforme Perspectivas ;
Designación de volumen o secuencia 2
9 (RLIN) 183529
852 ## - LOCALIZACIÓN
Ubicación ES-MaACL
Número de control de estantería L-26730
Sublocalización o colección R.131741
Holdings
Estatus retirado Estado de pérdida Estado de daño No para préstamo Biblioteca de origen Biblioteca actual Ubicación en estantería Fecha de adquisición Fuente de adquisición Total de préstamos Signatura topográfica completa Código de barras Visto por última vez Precio de reemplazo Tipo de ítem Koha
        Biblioteca del Ateneo de Madrid Biblioteca del Ateneo de Madrid Depósito 2 17/01/2008     L-26730 1056717 23/02/2023 23/02/2023 Libro impreso